| 000 | 01216cab a2200241 4500 | ||
|---|---|---|---|
| 001 | WB3312-46 | ||
| 008 | 090401t1997 xxu||||| |||| 00| 0 eng d | ||
| 035 | _a(Sirsi) u77225 | ||
| 041 | _aeng | ||
| 245 | _aCommission | ||
| 260 | _c1997 | ||
| 350 | _a0 | ||
| 490 |
_aEstates Gazette Case Summaries _v1997 EGCS 28 (15/3/97) |
||
| 520 | _a"Freedman v Union Group plc and another" CA 4 March 1997. The plaintiff was a property consultant who effected an introduction between a prospective buyer and seller on the understanding that a fee would be payable in the event of a sale. The buyer proposed a take-over of the vendor company, so the plaintiff revised the agreement to be paid a fixed sum on conclusion of `anticipated transaction`. Following a denial of any liability in respect of the introduction, the plaintiff commenced proceedings to recover £25,000 plus VAT. Claim was dismissed and plaintiff appealed. Appeal allowed. | ||
| 650 | _aCOMMISSION | ||
| 650 | _aESTATE AGENTS | ||
| 650 | _aFREEDMAN V UNION GROUP PLC AND ANOTHER | ||
| 650 | _aINTRODUCTION | ||
| 650 | _aSALE OF PROPERTY | ||
| 690 | _aMANAGEMENT-BUSINESS MANAGEMENT-PROFESSIONAL PRACTICE | ||
| 942 | _n0 | ||
| 948 | _c19/03/1997 | ||
| 999 |
_c48546 _d48546 |
||